[Event "Titled Tuesday intern op 23rd Jan Late"]
[Site "Chess.com INT"]
[Date "2024.01.23"]
[Round "8"]
[White "Garrido Outon, Alex"]
[Black "Yurovskich, Oleksandr"]
[Result "0-1"]
[WhiteElo "2406"]
[BlackElo "2328"]
[PlyCount "68"]
[EventDate "2024.01.23"]
[EventType "swiss (blitz)"]
[EventRounds "11"]
[EventCountry "USA"]
[SourceTitle "CB05_2024"]
[SourceDate "2024.01.31"]
[SourceVersion "1"]
[SourceVersionDate "2024.01.31"]
[SourceQuality "1"]

1. Nf3 d5 2. b3 Bg4 3. Bb2 Bxf3 4. exf3 e6 5. f4 Nf6 6. g3 g6 7. Bg2 Bg7 8. 0-0 0-0 9. d3 c5 10. Nd2 Nc6 11. Nf3 Nd7 12. Bxg7 Kxg7 13. d4 cxd4 14. Nxd4 Qb6 15. Nf3 Nc5 16. Qc1 Rac8 17. Qb2+ Kg8 18. h4 Ne4 19. h5 Nxg3 20. h6 Nf5 21. Qf6 Qd8 22. Qb2 Qd6 23. Ne5 Nxe5 24. fxe5 Qc5 25. c4 dxc4 26. Bxb7 Rb8 27. Bg2 c3 28. Qc2 Qxe5 29. Rfe1 Qf6 30. Rad1 Rfd8 31. Rxd8+ Rxd8 32. Rc1 Nxh6 33. Qxc3 Rd1+ 34. Kh2 Qf4+ 0-1

[Event "EU-ch U18 31st"]
[Site "Mamaia"]
[Date "2023.09.07"]
[Round "3"]
[White "Krivenko, Dion"]
[Black "Garrido Outon, Alex"]
[Result "1-0"]
[WhiteElo "2127"]
[BlackElo "2408"]
[PlyCount "69"]
[EventDate "2023.09.05"]
[EventType "swiss"]
[EventRounds "9"]
[EventCountry "ROU"]
[SourceTitle "EXT 2024"]
[Source "ChessBase"]
[SourceDate "2023.10.10"]
[SourceVersion "1"]
[SourceVersionDate "2023.10.10"]
[SourceQuality "1"]

1. e4 c5 2. Nc3 d6 3. Nge2 Nf6 4. g3 g6 5. Bg2 Bg7 6. d4 cxd4 7. Nxd4 0-0 8. h3 Bd7 9. 0-0 Nc6 10. Be3 Rc8 11. Nde2 Ne5 12. b3 Qa5 13. Nd5 Rfe8 14. f4 Nc6 15. c4 b5 16. c5 Rcd8 17. a3 dxc5 18. b4 cxb4 19. axb4 Qxa1 20. Qxa1 Nxd5 21. exd5 Bxa1 22. dxc6 Bf5 23. Rxa1 e5 24. Kf2 Bd3 25. Nc3 Bc4 26. fxe5 Rxe5 27. c7 Rde8 28. Ne4 R5e6 29. Bd4 Kf8 30. Rxa7 Bd5 31. Nc3 Bxg2 32. Kxg2 Rc6 33. Bc5+ Kg8 34. Nd5 Kg7 35. Ne7 1-0

[Event "ESP-ch Rapid"]
[Site "Linares"]
[Date "2023.08.19"]
[Round "6"]
[White "Garrido Outon, Alex"]
[Black "Garcia Ramos, Daniel"]
[Result "0-1"]
[WhiteElo "2398"]
[BlackElo "2468"]
[PlyCount "94"]
[EventDate "2023.08.19"]
[EventType "swiss (rapid)"]
[EventRounds "10"]
[EventCountry "ESP"]
[SourceTitle "CBM 215 Extra"]
[Source "ChessBase"]
[SourceDate "2023.09.30"]
[SourceVersion "1"]
[SourceVersionDate "2023.09.30"]
[SourceQuality "1"]

1. e4 c6 2. Nc3 d5 3. Nf3 dxe4 4. Nxe4 Nf6 5. Qe2 Nxe4 6. Qxe4 Qa5 7. b4 Qf5 8. Qe3 Qe6 9. Bb2 Qxe3+ 10. fxe3 f6 11. Bc4 a5 12. b5 cxb5 13. Bxb5+ Nc6 14. 0-0 Bd7 15. d4 Nb4 16. Bxd7+ Kxd7 17. c3 Nc2 18. Rab1 Nxe3 19. Rfe1 Nc4 20. Bc1 Nd6 21. d5 Rc8 22. Nd4 Rc5 23. Bf4 Rxd5 24. Bxd6 Kxd6 25. Rb6+ Kc5 26. Rxb7 e5 27. Ne6+ Kc4 28. Rc7+ Bc5+ 29. Kf1 Re8 30. Nxg7 Re7 31. Rxe7 Bxe7 32. Nf5 Bc5 33. Ng3 Rd2 34. Re2 Rd1+ 35. Re1 Rd2 36. Re2 Rd1+ 37. Re1 Rxe1+ 38. Kxe1 Kd3 39. Nh5 f5 40. Ng7 f4 41. Ne6 Be3 42. Ng5 Bd2+ 43. Kd1 Bxc3 44. a4 e4 45. Ne6 Ke3 46. Ng5 h6 47. Nh3 f3 0-1

[Event "Titled Tuesday intern op 08th Aug Late"]
[Site "Chess.com INT"]
[Date "2023.08.08"]
[Round "2"]
[White "Garrido Outon, Alex"]
[Black "Kohler, Aran"]
[Result "1-0"]
[WhiteElo "2398"]
[BlackElo "2011"]
[PlyCount "103"]
[EventDate "2023.08.08"]
[EventType "swiss (blitz)"]
[EventRounds "11"]
[EventCountry "USA"]
[SourceTitle "EXT 2024"]
[Source "ChessBase"]
[SourceDate "2023.10.10"]
[SourceVersion "1"]
[SourceVersionDate "2023.10.10"]
[SourceQuality "1"]

1. Nf3 d6 2. d3 Bg4 3. e4 c5 4. h3 Bh5 5. g4 Bg6 6. Nh4 e6 7. Nxg6 hxg6 8. Bg2 Nc6 9. Be3 Qb6 10. Qc1 Be7 11. Nd2 Qc7 12. 0-0 Nf6 13. c3 d5 14. f4 0-0-0 15. e5 Nd7 16. d4 Kb8 17. Qb1 cxd4 18. cxd4 Qb6 19. Nf3 g5 20. fxg5 Ncxe5 21. Bf4 Bd6 22. Kh1 Ng6 23. Bxd6+ Qxd6 24. Qe1 Ka8 25. Rc1 Nb6 26. Ne5 Nxe5 27. dxe5 Qe7 28. Rf3 Rc8 29. Rxc8+ Rxc8 30. Qf2 Qxg5 31. Rxf7 Qxe5 32. h4 Rc1+ 33. Bf1 Nc8 34. Rf8 b6 35. h5 Qe4+ 36. Qg2 Qxg2+ 37. Kxg2 Kb7 38. g5 Rc3 39. h6 Rc2+ 40. Kg3 gxh6 41. gxh6 Rxb2 42. h7 Rxa2 43. h8Q Nd6 44. Rb8+ Kc6 45. Qc3+ Nc4 46. Bxc4 dxc4 47. Qxc4+ Kd6 48. Qxa2 Kc7 49. Re8 a5 50. Qxe6 Kb7 51. Qc8+ Ka7 52. Qa8# 1-0

[Event "Titled Tuesday intern op 08th Aug Late"]
[Site "Chess.com INT"]
[Date "2023.08.08"]
[Round "5"]
[White "Harshavardhan, GB."]
[Black "Garrido Outon, Alex"]
[Result "0-1"]
[WhiteElo "2413"]
[BlackElo "2398"]
[PlyCount "108"]
[EventDate "2023.08.08"]
[EventType "swiss (blitz)"]
[EventRounds "11"]
[EventCountry "USA"]
[SourceTitle "EXT 2024"]
[Source "ChessBase"]
[SourceDate "2023.10.10"]
[SourceVersion "1"]
[SourceVersionDate "2023.10.10"]
[SourceQuality "1"]

1. e4 c6 2. Nf3 g6 3. d4 d5 4. exd5 cxd5 5. Ne5 Bg7 6. Bf4 Nf6 7. Bb5+ Nbd7 8. Nd2 0-0 9. 0-0 Ne8 10. Re1 Nd6 11. Bd3 Nf6 12. c3 Bf5 13. Qe2 Bxd3 14. Qxd3 Nfe4 15. f3 Nxd2 16. Qxd2 Re8 17. Re2 e6 18. Rae1 b5 19. Nd3 Qb6 20. Bh6 Bf6 21. Qf4 Qd8 22. Qd2 Nf5 23. Bf4 Qb6 24. g4 Nd6 25. Be5 Bxe5 26. Nxe5 Nc4 27. Qf4 Nxe5 28. Qxe5 b4 29. h4 bxc3 30. bxc3 Qb8 31. h5 Qxe5 32. dxe5 Rec8 33. Rb1 Kg7 34. hxg6 hxg6 35. Rb3 Rc4 36. Kf2 Rac8 37. Re3 Ra4 38. Re2 Rac4 39. Re3 Ra4 40. a3 Rc6 41. Re2 Rac4 42. Re3 Rb6 43. Rxb6 axb6 44. Kg3 g5 45. Re2 Rxc3 46. Rb2 Rxa3 47. Rxb6 Re3 48. Rb7 Rxe5 49. Kf2 d4 50. Rd7 Rd5 51. Ra7 d3 52. Ra1 d2 53. Rd1 Kf6 54. Ke3 Ke5 0-1

[Event "Titled Tuesday intern op 08th Aug Late"]
[Site "Chess.com INT"]
[Date "2023.08.08"]
[Round "7"]
[White "Prohaszka, Peter"]
[Black "Garrido Outon, Alex"]
[Result "1-0"]
[WhiteElo "2581"]
[BlackElo "2398"]
[PlyCount "83"]
[EventDate "2023.08.08"]
[EventType "swiss (blitz)"]
[EventRounds "11"]
[EventCountry "USA"]
[SourceTitle "EXT 2024"]
[Source "ChessBase"]
[SourceDate "2023.10.10"]
[SourceVersion "1"]
[SourceVersionDate "2023.10.10"]
[SourceQuality "1"]

1. d4 Nf6 2. Nf3 d6 3. Bg5 Nbd7 4. Nbd2 e5 5. e4 Be7 6. c3 0-0 7. Bd3 h6 8. Bh4 exd4 9. cxd4 c5 10. 0-0 cxd4 11. Nxd4 Nc5 12. Bc2 Ng4 13. Bxe7 Qxe7 14. h3 Nf6 15. Re1 b6 16. b4 Nb7 17. Nc4 Be6 18. Ne3 Rad8 19. Nc6 Qc7 20. Nxd8 Rxd8 21. Rc1 Qe7 22. a3 a5 23. Qd3 axb4 24. axb4 g6 25. Qb5 Nd7 26. Qc6 Rb8 27. Nd5 Bxd5 28. exd5 Qd8 29. Bb1 Ne5 30. Qc7 Kf8 31. Qxd8+ Nxd8 32. Rc7 g5 33. Re2 Rb7 34. Rxb7 Nxb7 35. Rc2 f6 36. Rc7 Nd8 37. Be4 Ke8 38. g3 Ndf7 39. f4 gxf4 40. gxf4 Nd7 41. Bg6 Kd8 42. Rxd7+ 1-0

[Event "ESP-ch U18"]
[Site "Salobrena"]
[Date "2023.07.31"]
[Round "1"]
[White "Moll Gener, Joan"]
[Black "Garrido Outon, Alex"]
[Result "0-1"]
[WhiteElo "1883"]
[BlackElo "2403"]
[PlyCount "64"]
[EventDate "2023.07.31"]
[EventType "swiss"]
[EventRounds "9"]
[EventCountry "ESP"]
[SourceTitle "CBM 215 Extra"]
[Source "ChessBase"]
[SourceDate "2023.09.30"]
[SourceVersion "1"]
[SourceVersionDate "2023.09.30"]
[SourceQuality "1"]

1. e4 d6 2. d4 Nf6 3. Nc3 Nbd7 4. f4 e5 5. Nf3 exd4 6. Qxd4 c6 7. Be3 d5 8. e5 Ng4 9. Qd2 Nxe3 10. Qxe3 Qb6 11. Qxb6 axb6 12. a3 b5 13. Bxb5 cxb5 14. Nxd5 Ra4 15. b4 Be7 16. Nd4 Bd8 17. Nxb5 0-0 18. c4 Nb6 19. Ndc3 Ra8 20. c5 Nc4 21. 0-0 Bd7 22. Rfd1 Bc6 23. Nd4 Rxa3 24. Rxa3 Nxa3 25. Nxc6 bxc6 26. Rd6 Nc2 27. Na2 Be7 28. Rd7 Nxb4 29. Rxe7 Nxa2 30. Rc7 Nb4 31. Rb7 Nd3 32. g3 Rc8 0-1

[Event "Titled Tuesday intern op 27th Jun Early"]
[Site "Chess.com INT"]
[Date "2023.06.27"]
[Round "1"]
[White "Jakubowski, Krzysztof"]
[Black "Garrido Outon, Alex"]
[Result "0-1"]
[WhiteElo "2486"]
[BlackElo "2403"]
[PlyCount "72"]
[EventDate "2023.06.27"]
[EventType "swiss (blitz)"]
[EventRounds "11"]
[EventCountry "USA"]
[SourceTitle "EXT 2024"]
[Source "ChessBase"]
[SourceDate "2023.10.10"]
[SourceVersion "1"]
[SourceVersionDate "2023.10.10"]
[SourceQuality "1"]

1. c4 Nf6 2. Nc3 d6 3. d4 Nbd7 4. e4 e5 5. Nge2 g6 6. d5 h5 7. Qc2 Bh6 8. Bxh6 Rxh6 9. 0-0-0 a6 10. Kb1 h4 11. Nc1 Kf8 12. Be2 Kg7 13. g3 Qe7 14. f4 Nc5 15. fxe5 Qxe5 16. Bf3 hxg3 17. b4 Ncd7 18. Nd3 Qd4 19. hxg3 Rxh1 20. Rxh1 Qxc4 21. Qh2 Qxd3+ 22. Kb2 Kf8 23. Qh6+ Ke7 24. Be2 Qd4 25. Qg7 Ne5 26. Rh8 Qxb4+ 27. Kc2 Ned7 28. Bd3 b5 29. g4 Bb7 30. g5 Ng4 31. Rh7 Nge5 32. Be2 Qc5 33. Bg4 b4 34. Bxd7 Qxc3+ 35. Kb1 Kxd7 36. Qf6 Re8 0-1

[Event "Alicante Easter op 7th"]
[Site "La Nucia"]
[Date "2023.04.09"]
[Round "7"]
[White "Garcia Ramos, Daniel"]
[Black "Garrido Outon, Alex"]
[Result "1/2-1/2"]
[WhiteElo "2442"]
[BlackElo "2379"]
[PlyCount "66"]
[EventDate "2023.04.05"]
[EventType "swiss"]
[EventRounds "9"]
[EventCountry "ESP"]
[SourceTitle "CBM 213 Extra"]
[Source "ChessBase"]
[SourceDate "2023.05.31"]
[SourceVersion "1"]
[SourceVersionDate "2023.05.31"]
[SourceQuality "1"]

1. e4 c5 2. Nf3 d6 3. d4 cxd4 4. Nxd4 Nf6 5. f3 e5 6. Nb3 Be6 7. c4 Nbd7 8. Nc3 Rc8 9. Be3 Bxc4 10. Bxc4 Rxc4 11. Qd3 Rc8 12. 0-0-0 d5 13. exd5 Bb4 14. Kb1 Bxc3 15. bxc3 0-0 16. c4 Re8 17. c5 e4 18. Qd4 Re5 19. d6 b6 20. cxb6 axb6 21. Bc1 Rd5 22. Qb4 Nc5 23. Rxd5 Nxd5 24. Qd4 Qxd6 25. Bb2 Ne6 26. Qxe4 Nc3+ 27. Bxc3 Rxc3 28. g3 g6 29. Rc1 Rxc1+ 30. Kxc1 Nc5 31. Qe8+ Kg7 32. Qe3 Nxb3+ 33. axb3 h5 1/2-1/2

[Event "Alicante Easter op 7th"]
[Site "La Nucia"]
[Date "2023.04.08"]
[Round "6"]
[White "Garrido Outon, Alex"]
[Black "Moussard, Jules"]
[Result "1-0"]
[WhiteElo "2379"]
[BlackElo "2667"]
[PlyCount "139"]
[EventDate "2023.04.05"]
[EventType "swiss"]
[EventRounds "9"]
[EventCountry "ESP"]
[SourceTitle "CBM 213 Extra"]
[Source "ChessBase"]
[SourceDate "2023.05.31"]
[SourceVersion "1"]
[SourceVersionDate "2023.05.31"]
[SourceQuality "1"]

1. e4 c6 2. d4 d5 3. e5 Bf5 4. h4 h5 5. c4 e6 6. Nc3 dxc4 7. Bxc4 Nd7 8. Nge2 Be7 9. Be3 Nh6 10. Ng3 Bg4 11. Be2 Bxe2 12. Qxe2 g6 13. Bxh6 Rxh6 14. Nge4 Nb6 15. Rd1 Nd5 16. g3 Rh8 17. Qf3 Qd7 18. Na4 Rf8 19. Nac5 Qc7 20. 0-0 0-0-0 21. b4 b6 22. Na6 Qb7 23. b5 cxb5 24. Rc1+ Kd7 25. Rc7+ Qxc7 26. Nxc7 Kxc7 27. Qd3 b4 28. Rc1+ Kb7 29. Qb5 a6 30. Qc6+ Kb8 31. Qa4 Kb7 32. Qc6+ Kb8 33. Qa4 Kb7 34. Rc6 Ra8 35. Rxe6 fxe6 36. Qd7+ Kb8 37. Qxe6 Rd8 38. Nd6 Bxd6 39. Qxd5 Ra7 40. Qc6 Rb7 41. exd6 Ka7 42. d7 Rbxd7 43. Qxg6 Rd5 44. g4 hxg4 45. h5 R5d7 46. h6 a5 47. d5 Rb7 48. d6 b5 49. Qf6 Rdd7 50. Qd4+ Ka6 51. Kg2 a4 52. Qxb4 Kb6 53. Kg3 Kc6 54. Kxg4 Kd5 55. Kf5 Rf7+ 56. Kg5 Rfd7 57. f3 Ke6 58. Kg6 Rxd6 59. h7 Rb8 60. Qe4+ Kd7+ 61. Kg7 Kc7 62. Qe5 Rb7 63. Qe7+ Kb6 64. Qxb7+ Kxb7 65. h8Q b4 66. Qe8 b3 67. axb3 a3 68. Qe7+ Kc6 69. Qe4+ Kc7 70. Qa4 1-0

[Event "Alicante Easter op 7th"]
[Site "La Nucia"]
[Date "2023.04.07"]
[Round "5"]
[White "Kosakowski, Jakub"]
[Black "Garrido Outon, Alex"]
[Result "1/2-1/2"]
[WhiteElo "2479"]
[BlackElo "2379"]
[PlyCount "98"]
[EventDate "2023.04.05"]
[EventType "swiss"]
[EventRounds "9"]
[EventCountry "ESP"]
[SourceTitle "CBM 213 Extra"]
[Source "ChessBase"]
[SourceDate "2023.05.31"]
[SourceVersion "1"]
[SourceVersionDate "2023.05.31"]
[SourceQuality "1"]

1. e4 c5 2. Nf3 d6 3. d4 cxd4 4. Nxd4 Nf6 5. Nc3 a6 6. Be2 e5 7. Nf3 Be7 8. Bg5 Be6 9. Bxf6 Bxf6 10. 0-0 0-0 11. Nd5 Nd7 12. Bc4 Qc8 13. Qe2 Bd8 14. Rfd1 b5 15. Bb3 Nc5 16. a3 Nxb3 17. cxb3 Qb7 18. Rd2 f5 19. Rad1 Kh8 20. exf5 Bxf5 21. Ne3 Bg6 22. Rxd6 Bh5 23. Rd7 Qe4 24. R1d2 Bh4 25. Nd1 Bxf3 26. gxf3 Qg6+ 27. Kh1 Bg5 28. R2d6 Qh5 29. Qxe5 Qxf3+ 30. Kg1 Bf6 31. Qg3 Qf5 32. Ne3 Qb1+ 33. Rd1 Qxb2 34. Ng4 Rae8 35. Nxf6 Qxf6 36. R7d6 Re6 37. Rxe6 Qxe6 38. Rd4 h6 39. a4 b4 40. h3 a5 41. Rg4 Qf6 42. Qe3 Rd8 43. Kg2 Qf5 44. Qe4 Qf7 45. Rg3 Re8 46. Rf3 Rxe4 47. Rxf7 Re5 48. Ra7 Kh7 49. Ra6 Rd5 1/2-1/2

[Event "EU-ch 23rd"]
[Site "Vrnjacka Banja"]
[Date "2023.03.13"]
[Round "11"]
[White "Garrido Outon, Alex"]
[Black "Djokic, Mihailo"]
[Result "1-0"]
[WhiteElo "2380"]
[BlackElo "2227"]
[PlyCount "40"]
[EventDate "2023.03.03"]
[EventType "swiss"]
[EventRounds "11"]
[EventCountry "SRB"]
[SourceTitle "CBM 213"]
[Source "ChessBase"]
[SourceDate "2023.04.30"]
[SourceVersion "1"]
[SourceVersionDate "2023.04.30"]
[SourceQuality "1"]

1. e4 e5 2. Nf3 Nc6 3. Bb5 a6 4. Ba4 Nf6 5. 0-0 Be7 6. Re1 b5 7. Bb3 d6 8. c3 0-0 9. h3 Na5 10. Bc2 c5 11. d4 cxd4 12. cxd4 Bb7 13. d5 Bc8 14. Nbd2 Bd7 15. Nf1 Rc8 16. b3 Nh5 17. Bd3 g6 18. Bh6 Re8 19. Qd2 f5 20. exf5 gxf5 1-0

[Event "EU-ch 23rd"]
[Site "Vrnjacka Banja"]
[Date "2023.03.03"]
[Round "1"]
[White "Kovac, Mihael"]
[Black "Garrido Outon, Alex"]
[Result "0-1"]
[WhiteElo "1784"]
[BlackElo "2380"]
[PlyCount "86"]
[EventDate "2023.03.03"]
[EventType "swiss"]
[EventRounds "11"]
[EventCountry "SRB"]
[SourceTitle "CBM 213"]
[Source "ChessBase"]
[SourceDate "2023.04.30"]
[SourceVersion "1"]
[SourceVersionDate "2023.04.30"]
[SourceQuality "1"]

1. e4 c5 2. Nf3 d6 3. d4 cxd4 4. Nxd4 Nf6 5. Nc3 a6 6. Be2 e5 7. Nb3 Be7 8. Be3 Be6 9. Qd3 Nc6 10. a3 Na5 11. Nxa5 Qxa5 12. 0-0 Rc8 13. Rfc1 Bc4 14. Qd1 0-0 15. f3 h6 16. Bxc4 Rxc4 17. Nd5 Nxd5 18. exd5 Bg5 19. Bxg5 hxg5 20. Qe2 Qxd5 21. c3 Qe6 22. b3 Rf4 23. c4 d5 24. c5 g4 25. Rc3 d4 26. Rd3 gxf3 27. Rxf3 Rxf3 28. gxf3 Qd5 29. b4 f5 30. Qa2 Qxa2 31. Rxa2 Kf7 32. Rd2 Rd8 33. h4 Ke6 34. Kf1 e4 35. fxe4 fxe4 36. Rg2 d3 37. Ke1 e3 38. h5 d2+ 39. Kd1 Rd3 40. Rg6+ Ke5 41. Rg1 Rc3 42. Ke2 Rc1 43. Rg5+ Kf4 0-1